000 01499nam0a2200349 4500
001 RU\NLR\BIBL_A\022554360
005 20251124144620.0
010 _a978-5-04-204160-0
_93000
021 _aRU
_bКН-П-25-019900
_9КН-П-25-2012
035 _a(NLR Aleph) 022554360
090 _a13469603
_c13469603
100 _a20250530d2025 c y0rusy50 ca
101 0 _arus
102 _aRU
105 _aa z 000ay
181 0 _ai3
_baxxe
181 0 _ab2
_bxb2e
182 0 _an
200 1 _aДенискины рассказы
_e[книга с 30 наклейками
_eдля младшего школьного возраста]
_fВиктор Драгунский
_gавтор иллюстраций: Татьяна Глущенко
203 _aТекст
_aИзображение
_bвизуальные
_cнепосредственные
210 _aМосква
_cЭксмо
_d2025
215 _a204, [3] с., [2] л. цв. накл.
_cцв. ил.
_d22
225 1 _aПломбир. Классика в школе
333 _a6+
686 0 _aШ9(2)60=Р7-4
700 1 _7ca
_8rus
_aДрагунский
_bВ. Ю.
_cписатель
_f1913-1972
_gВиктор Юзефович
_9113574
_3RU\NLR\AUTH\773579
702 1 _4440
_7ca
_8rus
_aГлущенко
_bТ. К.
_f1969-
_gТатьяна Константиновна
_92687069
_3RU\NLR\AUTH\770286948
942 _cBOOK
980 _aNB